000 00891nam a22002657a 4500
001 101833
003 UA-OsUOA
005 20260212101326.0
007 ta
008 20130823b un ||||| |||| 00| 0 ukr d
020 _a5020089370
040 _aUA-OsUOA
_brus
_cUA-OsUOA
_dUA-OsUOA
041 _arus
080 _a94(4)
090 _a94(4)
_bИ90
245 _aИстория Европы. С древнейших времен до наших дней
_bв восьми томах
_cред. З. В. Удальцова и др.
260 _aМ.
_bНаука
_c1988
300 _a704 с.
505 _gТ. 1
_tДревняя Европа
650 7 _a9 Географія. Біографії. Історія
_2UDC
_919
700 1 _aУдальцова З. В.
_eред.
_923188
942 _cBK
_2udc
955 _a2
999 _c387983
_d387983